<?xml version="1.0" encoding="UTF-8"?>
<record
    xmlns:xsi="http://www.w3.org/2001/XMLSchema-instance"
    xsi:schemaLocation="http://www.loc.gov/MARC21/slim http://www.loc.gov/standards/marcxml/schema/MARC21slim.xsd"
    xmlns="http://www.loc.gov/MARC21/slim">

  <leader>00704nam a2200217   4500</leader>
  <controlfield tag="005">20251028120658.0</controlfield>
  <datafield tag="010" ind1=" " ind2=" ">
    <subfield code="a">ENG-146985-986</subfield>
  </datafield>
  <datafield tag="020" ind1=" " ind2=" ">
    <subfield code="a">9789389800128</subfield>
    <subfield code="c">1045.00</subfield>
  </datafield>
  <datafield tag="035" ind1=" " ind2=" ">
    <subfield code="a">EN-130517-518</subfield>
  </datafield>
  <datafield tag="037" ind1=" " ind2=" ">
    <subfield code="b">DBAD</subfield>
  </datafield>
  <datafield tag="082" ind1=" " ind2=" ">
    <subfield code="2">1</subfield>
    <subfield code="a">530</subfield>
  </datafield>
  <datafield tag="100" ind1=" " ind2=" ">
    <subfield code="a">Jain, Keshav</subfield>
    <subfield code="9">85543</subfield>
  </datafield>
  <datafield tag="245" ind1=" " ind2=" ">
    <subfield code="a">Dinesh NCERT NEET &amp; You Physics/</subfield>
    <subfield code="c">Keshav Jain</subfield>
  </datafield>
  <datafield tag="250" ind1=" " ind2=" ">
    <subfield code="a">1</subfield>
  </datafield>
  <datafield tag="260" ind1=" " ind2=" ">
    <subfield code="a">Delhi</subfield>
    <subfield code="b">S. Dinesh &amp; Co.</subfield>
    <subfield code="c">2025</subfield>
  </datafield>
  <datafield tag="270" ind1=" " ind2=" ">
    <subfield code="a">4265, Gali No. 3, Mohalla Panjabian, Ansari Road, Darya Ganj</subfield>
    <subfield code="b">Delhi</subfield>
    <subfield code="k">011-23250628</subfield>
    <subfield code="k">011-23250058</subfield>
    <subfield code="m">sdineshdelhi@gmail.com</subfield>
  </datafield>
  <datafield tag="300" ind1=" " ind2=" ">
    <subfield code="a">598p., 584p.</subfield>
    <subfield code="b">28cm(pb)</subfield>
  </datafield>
  <datafield tag="490" ind1=" " ind2=" ">
    <subfield code="v">Vol 1,2</subfield>
  </datafield>
  <datafield tag="500" ind1=" " ind2=" ">
    <subfield code="a">Vol 1 For Class XI
Vol 2 For Class XII</subfield>
  </datafield>
  <datafield tag="942" ind1=" " ind2=" ">
    <subfield code="2">ddc</subfield>
    <subfield code="c">EN</subfield>
    <subfield code="e">1</subfield>
    <subfield code="h">530</subfield>
    <subfield code="m">JAI</subfield>
  </datafield>
  <datafield tag="999" ind1=" " ind2=" ">
    <subfield code="c">213679</subfield>
    <subfield code="d">213679</subfield>
  </datafield>
  <datafield tag="952" ind1=" " ind2=" ">
    <subfield code="0">0</subfield>
    <subfield code="1">0</subfield>
    <subfield code="3">VOL-1</subfield>
    <subfield code="4">0</subfield>
    <subfield code="7">0</subfield>
    <subfield code="8">NFIC</subfield>
    <subfield code="a">M</subfield>
    <subfield code="b">M</subfield>
    <subfield code="d">2025-10-28</subfield>
    <subfield code="e">Delivery of Books Act Division</subfield>
    <subfield code="g">522.50</subfield>
    <subfield code="l">0</subfield>
    <subfield code="o">530 JAI</subfield>
    <subfield code="p">EN-130517</subfield>
    <subfield code="r">2025-10-28 00:00:00</subfield>
    <subfield code="t">1</subfield>
    <subfield code="v">522.50</subfield>
    <subfield code="w">2025-10-28</subfield>
    <subfield code="y">EN</subfield>
  </datafield>
  <datafield tag="952" ind1=" " ind2=" ">
    <subfield code="0">0</subfield>
    <subfield code="1">0</subfield>
    <subfield code="3">VOL-2</subfield>
    <subfield code="4">0</subfield>
    <subfield code="7">0</subfield>
    <subfield code="8">NFIC</subfield>
    <subfield code="a">M</subfield>
    <subfield code="b">M</subfield>
    <subfield code="d">2025-10-28</subfield>
    <subfield code="e">Delivery of Books Act Division</subfield>
    <subfield code="g">522.50</subfield>
    <subfield code="l">0</subfield>
    <subfield code="o">530 JAI</subfield>
    <subfield code="p">EN-130518</subfield>
    <subfield code="r">2025-10-28 00:00:00</subfield>
    <subfield code="t">1</subfield>
    <subfield code="v">522.50</subfield>
    <subfield code="w">2025-10-28</subfield>
    <subfield code="y">EN</subfield>
  </datafield>
</record>
